Logo CIB grande

ECUACIONES DIFERENCIALES CON PROBLEMAS CON VALORES EN LA FRONTERA (Registro nro. 230289)

Detalles MARC
000 -LEADER
campo de control de longitud fija 00630nam a2200241Ia 4500
003 - IDENTIFICADOR DE NÚMERO DE CONTROL
campo de control EC-GqESP
005 - FECHA Y HORA DE LA ÚLTIMA TRANSACCIÓN
campo de control 20250917101242.0
008 - DATOS DE LONGITUD FIJA--INFORMACIÓN GENERAL
campo de control de longitud fija 250425s9999 xx 000 0 und d
010 ## - NÚMERO DE CONTROL DE LA BIBLIOTECA DEL CONGRESO
Número de control de LC 77667
020 ## - NÚMERO INTERNACIONAL ESTÁNDAR DEL LIBRO
Número Internacional Estándar del Libro 9789708300384
041 ## - CÓDIGO DE IDIOMA
Código de lengua del texto/banda sonora o título independiente spa
082 ## - NÚMERO DE LA CLASIFICACIÓN DECIMAL DEWEY
Número de clasificación 515.35
100 ## - ENTRADA PRINCIPAL--NOMBRE DE PERSONA
Nombre de persona ZILL, DENNIS G
245 #0 - MENCIÓN DEL TÍTULO
Título ECUACIONES DIFERENCIALES CON PROBLEMAS CON VALORES EN LA FRONTERA
250 ## - MENCION DE EDICION
Mención de edición 7A ED.
260 ## - PUBLICACIÓN, DISTRIBUCIÓN, ETC.
Lugar de publicación, distribución, etc. MEXICO
260 ## - PUBLICACIÓN, DISTRIBUCIÓN, ETC.
Lugar de publicación, distribución, etc. México
Nombre del editor, distribuidor, etc. CENGAGE LEARNING
Fecha de publicación, distribución, etc. 2009
300 ## - DESCRIPCIÓN FÍSICA
Extensión 598
650 ## - PUNTO DE ACCESO ADICIONAL DE MATERIA--TÉRMINO DE MATERIA
Término de materia o nombre geográfico como elemento de entrada ECUACIONES DIFERENCIALES
650 ## - PUNTO DE ACCESO ADICIONAL DE MATERIA--TÉRMINO DE MATERIA
Término de materia o nombre geográfico como elemento de entrada PROBLEMAS CON VALORES EN LA FRONTERA
700 ## - ENTRADA AGREGADA--NOMBRE PERSONAL
Nombre de persona CULLEN, MICHAEL R.
942 ## - ELEMENTOS DE ENTRADA SECUNDARIOS (KOHA)
Tipo de ítem Koha Libros
Existencias
Estatus retirado Estado de pérdida Estado de daño No para préstamo Biblioteca de origen Biblioteca actual Ubicación en estantería Fecha de adquisición Coste, precio normal de compra Etiqueta RFID Total de préstamos Código de barras Visto por última vez Fecha del último préstamo Copia número Tipo de ítem Koha
        CENTRO DE INFORMACIÓN BIBLIOTECARIA CENTRO DE INFORMACIÓN BIBLIOTECARIA   30/06/2011 52.00 0000000000000000006464 4 56026 11/12/2025 03/12/2025 1 Libros
        CENTRO DE INFORMACIÓN BIBLIOTECARIA CENTRO DE INFORMACIÓN BIBLIOTECARIA   30/06/2011 52.00 0000000000000000010979 3 56027 13/10/2025 06/10/2025 2 Libros

Copyright 2025 ESPOL. Todos los derechos reservados.